006460000a22001930004500020001500000060000800015082001400023100002100037245006300058250000600121260003400127260000900161300000800170490005400178650007100232942000700303999001900310952012300329 a0256022445 a100 a302.2 HAN aHaney, William V aCommunication and interpersonal relations : text and cases a4 aIllinois, Richard D Irwin Inc c1979 a637 aIrwin series in management & behavioural sciences aCommunication/ interpersonal relation/ miscommunication - patterns cBK c357028d357028 001040708NFICaKAUCOAVbKAUCOAVcGENd2014-05-02l0o302.2 HANpKAU_COAV-17814r2014-05-02 00:00:00w2022-05-12yBK